| 000 | 02035cam a22001934a 4500 | ||
|---|---|---|---|
| 005 | 20250605163720.0 | ||
| 008 | 250528s ||||||||||||||||||||||||d | ||
| 035 | _a24897 | ||
| 020 | _a9789605461485 | ||
| 040 |
_aGR-AtMCL _bgre _dGR-AtMCL _eAACR2 |
||
| 245 | 1 | _aΨυχολογία της Συμπεριφοράς | |
| 260 |
_bΠεδίο, _c2013 |
||
| 300 | _a1008 | ||
| 520 | _aΤο βιβλίο αυτό σκοπεύει να δημιουργήσει, σε κάθε αναγνώστη, την ικανότητα να ερμηνεύει επιστημονικά το γιατί αισθάνεται, σκέφτεται, αντιλαμβάνεται και ενεργεί με τον τρόπο που τον χαρακτηρίζει και, εφόσον το επιθυμεί, να μπορεί να παρεμβαίνει, να ρυθμίζει δηλαδή τις συνθήκες του ώστε να αλλάζει αυτά τα ψυχολογικά φαινόμενα. Πρόλογος, Η Πειραματική Ανάλυση και η Επιστημονική Ερμηνεία Ψυχολογικών Φαινομένων, Προκαλούμενη Συμπεριφορά, Συντελεστική Συμπεριφορά, Τα Κίνητρα: Ο Καθορισμός της Ενισχυτικής Δύναμης, Προγράμματ Ενίσχυσης: Η Μακροπρόθεσμη Σχέση Δράσεων και Συνεπειών, Αρνητική Ενίσχυση και Τιμωρία, Πολύπλοκες Συντελεστικές Διακρίσεις: Η Φυσική Προέλευση της Καινοφανούς Αποτελεσματικής Συμπεριφοράς, Προτάσεις για Περαιτέρω Ανάγνωση, Βιβλιογραφικές Αναφορές, Γλωσσάρι, Αγγλο-Ελληνικό Λεξιλόγιο Όρων, Ευρετήριο Όρων και Θεμάτων. | ||
| 700 | 1 | _aΜέλλον Ρόμπερτ | |
| 942 | _cBK | ||
| 999 |
_c9732 _d9732 |
||